[Event "FIDE Chesscom Grand Swiss 2021"]
[Site "Riga"]
[Date "2021.11.07"]
[Round "11.17"]
[White "Volokitin, Andrei"]
[Black "Maghsoodloo, Parham"]
[Result "1/2-1/2"]
[WhiteElo "2652"]
[BlackElo "2701"]
[Annotator "RC"]
[PlyCount "121"]
[EventDate "2021.10.27"]
[EventType "swiss"]
[EventCountry "LAT"]
[Tiebreak "Cut1 Buchholz+Sonneborn-Berger (Swiss)"]
[SourceTitle "playchess.com"]
[Source "ChessBase"]
[SourceQuality "1"]
[TimeControl "40/6000+30:20/3000+30:900+30"]

1. e4 {[%emt 0:00:02]} c5 {[%emt 0:00:04]} 2. Nf3 {[%emt 0:00:05]} Nc6 {
[%emt 0:00:04]} 3. Bb5 {[%emt 0:00:18]} g6 {[%emt 0:00:06]} 4. Bxc6 {[%emt 0:
00:10]} bxc6 {[%emt 0:00:04]} 5. d4 {[%emt 0:00:05]} d6 {[%emt 0:00:04]} 6.
dxc5 {[%emt 0:15:12]} Qa5+ {[%emt 0:00:06]} 7. Nbd2 {[%emt 0:01:23]} Qxc5 {
[%emt 0:00:06]} 8. O-O {[%emt 0:00:06]} Nf6 {[%emt 0:05:21]} 9. a3 {[%emt 0:05:
39]} Bg7 {[%emt 0:11:51]} 10. b4 {[%emt 0:00:30]} Qh5 {[%emt 0:00:37]} 11. Bb2
{[%emt 0:00:09]} O-O {[%emt 0:00:08]} 12. Re1 {[%emt 0:25:55]} a5 {[%emt 0:06:
40]} 13. c4 {[%emt 0:03:15]} Rb8 {[%emt 0:17:41]} 14. Qb3 {[%emt 0:05:17]} axb4
{[%emt 0:25:57]} 15. axb4 {[%emt 0:00:16]} c5 {[%emt 0:00:13]} 16. b5 {[%emt 0:
01:05]} Ne8 {[%emt 0:04:59]} 17. e5 {[%emt 0:29:14]} Bb7 {[%emt 0:00:11]} 18.
Ne4 {[%emt 0:00:39]} Qf5 {[%emt 0:09:04]} 19. Ng3 {[%emt 0:07:10]} Qf4 {
[%emt 0:04:58]} 20. Ne2 {[%emt 0:02:57]} Qf5 {[%emt 0:04:58]} 21. Ng3 {[%emt 0:
00:03]} Qf4 {[%emt 0:00:04]} 22. Re3 {[%emt 0:00:19]} d5 {[%emt 0:06:25]} 23.
cxd5 {[%emt 0:00:26]} Qb4 {[%emt 0:00:18]} 24. Rd1 {[%emt 0:10:25]} Nc7 {
[%emt 0:04:29]} 25. d6 {[%emt 0:00:04]} Qxb3 {[%emt 0:01:47]} 26. Rxb3 {
[%emt 0:00:03]} Rfd8 {[%emt 0:00:04]} 27. Rd2 {[%emt 0:02:35]} exd6 {[%emt 0:
02:13]} 28. exd6 {[%emt 0:00:01]} Ne6 {[%emt 0:00:01]} 29. Bxg7 {[%emt 0:00:02]
} Kxg7 {[%emt 0:00:09]} 30. Ne2 {[%emt 0:01:31]} f6 {[%emt 0:03:09]} 31. h3 {
[%emt 0:00:23]} Kf7 {[%emt 0:00:57]} 32. b6 {[%emt 0:00:30]} Ke8 {[%emt 0:00:
48]} 33. Re3 {[%emt 0:00:37]} Kd7 {[%emt 0:00:29]} 34. Nc3 {[%emt 0:00:01]} Bc6
{[%emt 0:00:39]} 35. Rb2 {[%emt 0:00:55]} Nd4 {[%emt 0:02:37]} 36. Nd2 {
[%emt 0:00:09]} Kxd6 {[%emt 0:00:07]} 37. Nc4+ {[%emt 0:00:50]} Kd7 {[%emt 0:
00:04]} 38. Ra2 {[%emt 0:00:33]} Ra8 {[%emt 0:00:51]} 39. Ra7+ {[%emt 0:00:10]}
Rxa7 {[%emt 0:00:12]} 40. bxa7 {[%emt 0:00:02]} Ba8 {[%emt 0:01:20]} 41. Ne4 {
[%emt 0:34:27]} Kc6 {[%emt 0:01:38]} 42. Nxf6 {[%emt 0:00:33]} Kb5 {[%emt 0:00:
17]} 43. Ne5 {[%emt 0:06:33]} c4 {[%emt 0:02:27]} 44. Ne4 {[%emt 0:00:36]} Kb4
{[%emt 0:02:15]} 45. Nc3 {[%emt 0:00:07]} Rc8 {[%emt 0:10:14]} 46. Na2+ {
[%emt 0:00:10]} Kb5 {[%emt 0:01:11]} 47. Nxc4 {[%emt 0:01:05]} Rxc4 {[%emt 0:
03:54]} 48. Re8 {[%emt 0:00:04]} Bc6 {[%emt 0:08:13]} 49. a8=Q {[%emt 0:03:53]}
Bxa8 {[%emt 0:00:16]} 50. Rxa8 {[%emt 0:00:16]} Nc6 {[%emt 0:04:27]} 51. Ra3 {
[%emt 0:02:25]} Rc2 {[%emt 0:00:06]} 52. Rb3+ {[%emt 0:00:34]} Kc4 {[%emt 0:00:
05]} 53. Rb6 {[%emt 0:00:06]} Nd4 {[%emt 0:05:34]} 54. Nb4 {[%emt 0:00:10]} Rd2
{[%emt 0:01:26]} 55. Na6 {[%emt 0:00:33]} Rd1+ {[%emt 0:00:59]} 56. Kh2 {
[%emt 0:00:01]} Rd2 {[%emt 0:00:02]} 57. Kg1 {[%emt 0:01:27]} Rd1+ {[%emt 0:00:
04]} 58. Kh2 {[%emt 0:00:03]} Rd2 {[%emt 0:00:02]} 59. Rb7 {[%emt 0:02:29]}
Rxf2 {[%emt 0:01:25]} 60. Rxh7 {[%emt 0:00:23]} Ra2 {[%emt 0:01:20]} 61. Rc7+ {
[%emt 0:20:20]} 1/2-1/2

[Event "FIDE Chesscom Grand Swiss 2021"]
[Site "Riga"]
[Date "2021.11.07"]
[Round "11.18"]
[White "Swiercz, Dariusz"]
[Black "Eljanov, Pavel"]
[Result "1/2-1/2"]
[WhiteElo "2647"]
[BlackElo "2691"]
[Annotator "TA"]
[PlyCount "91"]
[EventDate "2021.10.27"]
[EventType "swiss"]
[EventCountry "LAT"]
[Tiebreak "Cut1 Buchholz+Sonneborn-Berger (Swiss)"]
[SourceTitle "playchess.com"]
[Source "ChessBase"]
[SourceQuality "1"]

{[%evp 9,91,22,18,18,19,22,35,22,31,9,10,13,19,15,23,10,27,-11,-26,-14,0,0,-14,
-3,-18,-32,1,-33,0,0,0,0,39,37,37,30,30,30,30,30,30,30,30,30,30,30,30,30,30,30,
37,32,48,45,73,37,41,37,32,31,31,31,31,31,31,31,32,32,31,0,32,0,32,32,32,31,30,
30,29,10,37,29,30,0]} 1. e4 e5 2. Nf3 Nc6 3. Bb5 Nf6 4. d3 Bc5 5. Bxc6 dxc6 6.
Nbd2 {C65: Ruy Lopez: Berlin Defence (3...Nf6), unusual lines and 4 0-0 Bc5.}
Be6 7. O-O Qd6 {7...Bd6 is a critical line.} 8. b3 {White is slightly better.}
a5 {[%cal Ba7a5,Ba5a4][%mdl 32]} 9. a3 O-O 10. Bb2 {aiming for d4!} Nd7 11. Ng5
f6 12. Nxe6 Qxe6 13. Kh1 {[#]} a4 $146 ({Predecessor:} 13... Rfd8 14. Qh5 Qf7
15. Qg4 Nf8 16. f4 exf4 17. Rxf4 Ng6 18. Rf5 Qe6 {0-1 (45) Kamsky,G (2735)
-Ivanchuk,V (2735) Monte Carlo 1996}) 14. b4 Be7 15. f4 exf4 16. Rxf4 b5 17.
Nf3 Bd6 18. Rh4 Qe8 19. Nd4 $1 Be5 20. Qc1 Bxd4 21. Bxd4 Rd8 22. Qb2 Rf7 23.
Qc3 Ne5 24. Rf1 Qd7 25. Bc5 Re8 26. Rhf4 Ng6 27. R4f3 Re5 28. Bf2 Nf8 29. Kg1
Ne6 30. Be3 Qd6 31. Rf5 h6 32. h3 Rxf5 33. Rxf5 Qg3 34. Bf2 Qd6 35. Kh1 Qd7 36.
Be3 Qd6 37. Qa1 Qg3 38. Bf2 Qd6 39. Be3 Qg3 40. Bf2 Qd6 41. Bg1 Qd7 42. Qc3 Qd6
43. Ba7 Qd7 44. Bc5 Kh7 45. Bg1 Kg8 46. Be3 {Weighted Error Value: White=0.07/
Black=0.06} 1/2-1/2

[Event "FIDE Chesscom Grand Swiss 2021"]
[Site "Riga"]
[Date "2021.11.07"]
[Round "11.19"]
[White "Saric, Ivan"]
[Black "Van Foreest, Jorden"]
[Result "1/2-1/2"]
[WhiteElo "2644"]
[BlackElo "2691"]
[Annotator "TA"]
[PlyCount "79"]
[EventDate "2021.10.27"]
[EventType "swiss"]
[EventCountry "LAT"]
[Tiebreak "Cut1 Buchholz+Sonneborn-Berger (Swiss)"]
[SourceTitle "playchess.com"]
[Source "ChessBase"]
[SourceQuality "1"]

{[%evp 24,79,45,20,38,39,34,17,16,11,16,6,33,15,29,16,21,19,19,9,8,8,9,8,10,10,
18,0,0,0,0,0,0,0,0,0,0,-6,7,0,0,0,0,0,0,0,0,0,0,0,0,0,0,0,0,0,0,0]} 1. e4 e5 2.
Nf3 Nc6 3. Bb5 a6 4. Ba4 Nf6 5. O-O Nxe4 6. d4 b5 7. Bb3 d5 8. dxe5 Be6 9. Nbd2
Nc5 10. c3 d4 11. Bxe6 Nxe6 12. cxd4 Ncxd4 13. a4 {next Nxd4 is good for White.
} Nc6 {13...Bb4 is the modern continuation. C80: Open Ruy Lopez: Sidelines and
9 Nbd2.} 14. Qe2 {[#]} Be7 $146 ({Predecessor:} 14... bxa4 15. Rxa4 Nb4 16. Qc4
Rb8 17. Ne4 Be7 18. Neg5 Nxg5 19. Bxg5 O-O 20. e6 f6 21. Bf4 {1/2-1/2 (39)
Juras,Z (2388)-Krueger,M (2284) ICCF email 2018}) 15. Ne4 O-O 16. Rd1 Qc8 17.
h4 Qb7 18. Bg5 bxa4 19. Rxa4 (19. Bxe7 {looks sharper.} Nxe7 20. Rxa4 Qb5 21.
Rc4 h6 22. Qc2) 19... Qb5 {The position is equal.} 20. Qxb5 axb5 21. Rxa8 Rxa8
22. Bxe7 Nxe7 23. Neg5 Rd8 24. Rc1 Nxg5 25. Nxg5 $11 {[%mdl 4096] Endgame
KRN-KRN} h6 26. Nf3 c6 27. g3 Kf8 28. Ra1 Nf5 29. Kg2 Ke7 30. Ra6 Nd4 31. h5
Ke6 32. Nxd4+ Rxd4 33. Rxc6+ Kxe5 {KR-KR} 34. Rc3 Rd2 35. Rb3 Rd5 36. Rb4 Ke6
37. Re4+ Kf6 38. g4 g6 39. hxg6 fxg6 40. Rb4 {Weighted Error Value: White=0.02/
Black=0.03} 1/2-1/2

[Event "FIDE Chesscom Grand Swiss 2021"]
[Site "Riga"]
[Date "2021.11.07"]
[Round "11.20"]
[White "Grandelius, Nils"]
[Black "Bluebaum, Matthias"]
[Result "1-0"]
[WhiteElo "2662"]
[BlackElo "2640"]
[Annotator "TA"]
[PlyCount "61"]
[EventDate "2021.10.27"]
[EventType "swiss"]
[EventCountry "LAT"]
[Tiebreak "Cut1 Buchholz+Sonneborn-Berger (Swiss)"]
[SourceTitle "playchess.com"]
[Source "ChessBase"]
[SourceQuality "1"]

{[%evp 13,60,0,31,35,41,42,59,30,37,26,28,30,48,0,12,0,0,10,97,100,97,101,303,
283,275,284,291,290,323,321,290,276,294,171,283,261,635,626,797,793,1532,1370,
29989,29990,29995,29996,29996,29997,29999]} 1. e4 e6 2. d4 d5 3. e5 c5 4. c3
Nc6 5. Nf3 Bd7 6. Be2 Nge7 7. O-O Nf5 8. dxc5 $1 {[%mdl 4] now scores much
better than the old 8.Bd3. C02: French: Advance Variation.} a5 9. Bd3 Bxc5 {[#]
} 10. a4 $146 {White is slightly better.} (10. Bxf5 $5 exf5 11. Qxd5 $16) ({
Predecessor:} 10. Nbd2 a4 11. b4 axb3 12. Nxb3 Bb6 13. Re1 O-O 14. Bg5 Qc7 15.
Qd2 Ra4 16. h3 {1-0 (67) Jones,G (2684)-Van Foreest,J (2691) Malmo 2021}) 10...
h6 11. Nbd2 Ba7 12. Nb3 O-O 13. Bc2 Nh4 14. Nxh4 Qxh4 15. Qd3 $40 {[%csl Gc2]
[%cal Rd3h7][%mdl 128] White attacks.} f5 (15... g6 $11) 16. exf6 $1 $16 Rxf6
17. Be3 Ne5 $2 {Loses the game.} (17... Bxe3 $16 18. fxe3 (18. Qh7+ Kf7 $16)
18... Ne5 19. Qh7+ Kf7) 18. Qh7+ $18 Kf7 19. Bxa7 Rxa7 20. Rae1 Ng4 {[%csl Gg4]
[%cal Rh4h2]} 21. h3 Nxf2 {[#] With the idea ...Qg3.} 22. Bg6+ $1 {[%mdl 512]}
Ke7 {Strongly threatening ...Nxh3+!} ({But not} 22... Rxg6 $2 23. Rxf2+ Rf6 24.
Rxf6+ Qxf6 25. Rf1 $18) 23. Bf5 (23. Re3 $142) 23... Kd6 {[#]} (23... Kd8 $142
24. Nd4 Rxf5 25. Nxf5 Nxh3+ 26. gxh3 exf5) 24. Nd4 $1 Ne4 $2 (24... Ra8 25.
Bxe6 (25. Rxf2 Raf8 $18) 25... Re8) 25. Bxe4 Rxf1+ 26. Rxf1 Qxe4 27. Qg8 {
Intending Qf8+ and mate.} Kc5 28. Qf8+ {White mates.} Kc4 29. b3+ Kd3 30. Rd1+
Ke3 31. Qf2# {Weighted Error Value: White=0.11/Black=0.78} 1-0

[Event "FIDE Chesscom Grand Swiss 2021"]
[Site "Riga"]
[Date "2021.11.07"]
[Round "11.21"]
[White "Ponkratov, Pavel"]
[Black "Ter-Sahakyan, Samvel"]
[Result "1/2-1/2"]
[WhiteElo "2659"]
[BlackElo "2607"]
[Annotator "TA"]
[PlyCount "61"]
[EventDate "2021.10.27"]
[EventType "swiss"]
[EventCountry "LAT"]
[Tiebreak "Cut1 Buchholz+Sonneborn-Berger (Swiss)"]
[SourceTitle "playchess.com"]
[Source "ChessBase"]
[SourceQuality "1"]

{[%evp 9,61,10,21,4,20,16,29,0,0,0,1,0,0,0,0,0,0,-22,-6,-25,-8,-22,-20,-43,-41,
-25,-45,-35,-35,-52,-50,-99,-30,-20,-23,-44,-43,-44,-21,-48,-25,-20,0,-61,-54,
-77,-71,-68,-37,-51,0,0,0,0]} 1. e4 c5 2. Nf3 d6 3. d4 cxd4 4. Nxd4 Nf6 5. Nc3
a6 6. Qd3 {B90: Sicilian Najdorf: Unusual White 6th moves, 6 Be3 Ng4 and 6 Be3
e5.} Nbd7 7. Be2 g6 8. h4 {White has an edge.} Nc5 9. Qe3 h5 {[#]} 10. Nb3 $146
({Predecessor:} 10. f3 e5 11. Nb3 Be6 12. Nxc5 dxc5 13. Qg5 Nd7 14. Be3 Qb6 15.
O-O-O Bh6 16. Qxh6 Rxh6 17. Bxh6 {0-1 (73) Najer,E (2670)-Sarana,A (2618)
Moscow 2018}) 10... Bh6 11. Qd4 Ne6 12. Qd1 Bg7 13. Be3 Bd7 14. a4 Bc6 15. f3
d5 16. e5 Ng8 17. f4 Nh6 {Strongly threatening ...Nf5.} 18. Nd4 Nxd4 19. Bxd4
Nf5 20. Qd3 Nxd4 ({Black should try} 20... e6 $17) 21. Qxd4 $11 e6 22. Bd3 Bf8
23. a5 Rc8 24. Ne2 Qd7 25. c3 Be7 26. Qf2 (26. Kf2 $11) 26... Bb5 $15 27. Bxb5
Qxb5 28. Nd4 Qc4 29. Qe2 Kd7 (29... Qc7 $15) 30. Qxc4 $11 Rxc4 31. Kd2 {
Weighted Error Value: White=0.13/Black=0.09} 1/2-1/2

[Event "FIDE Chesscom Grand Swiss 2021"]
[Site "Riga"]
[Date "2021.11.07"]
[Round "11.22"]
[White "Antipov, Mikhail Al."]
[Black "Najer, Evgeniy"]
[Result "1/2-1/2"]
[WhiteElo "2619"]
[BlackElo "2654"]
[Annotator "RC"]
[PlyCount "126"]
[EventDate "2021.10.27"]
[EventType "swiss"]
[EventCountry "LAT"]
[Tiebreak "Cut1 Buchholz+Sonneborn-Berger (Swiss)"]
[SourceTitle "playchess.com"]
[Source "ChessBase"]
[SourceQuality "1"]
[TimeControl "40/6000+30:20/3000+30:900+30"]

1. e4 {[%emt 0:00:03]} c5 {[%emt 0:02:22]} 2. Nf3 {[%emt 0:00:06]} d6 {[%emt 0:
00:07]} 3. d4 {[%emt 0:00:04]} cxd4 {[%emt 0:00:05]} 4. Nxd4 {[%emt 0:00:03]}
Nf6 {[%emt 0:00:06]} 5. Nc3 {[%emt 0:00:05]} a6 {[%emt 0:00:04]} 6. Be3 {
[%emt 0:00:05]} e5 {[%emt 0:00:20]} 7. Nb3 {[%emt 0:00:05]} Be6 {[%emt 0:00:04]
} 8. f3 {[%emt 0:00:06]} h5 {[%emt 0:00:11]} 9. Nd5 {[%emt 0:00:26]} Bxd5 {
[%emt 0:00:08]} 10. exd5 {[%emt 0:00:04]} g6 {[%emt 0:00:40]} 11. Qd2 {[%emt 0:
00:21]} Nbd7 {[%emt 0:00:40]} 12. O-O-O {[%emt 0:00:14]} Bg7 {[%emt 0:00:27]}
13. Kb1 {[%emt 0:13:47]} Qc7 {[%emt 0:00:17]} 14. h3 {[%emt 0:11:27]} Rc8 {
[%emt 0:01:29]} 15. c4 {[%emt 0:14:54]} b6 {[%emt 0:06:38]} 16. g3 {[%emt 0:00:
57]} Nc5 {[%emt 0:01:45]} 17. Be2 {[%emt 0:09:40]} Nxb3 {[%emt 0:19:44]} 18.
axb3 {[%emt 0:00:09]} a5 {[%emt 0:00:04]} 19. g4 {[%emt 0:00:32]} Kf8 {[%emt 0:
02:46]} 20. g5 {[%emt 0:07:37]} Nd7 {[%emt 0:00:32]} 21. Rhf1 {[%emt 0:00:08]}
Re8 {[%emt 0:05:18]} 22. f4 {[%emt 0:16:58]} exf4 {[%emt 0:00:22]} 23. Rxf4 {
[%emt 0:00:05]} Be5 {[%emt 0:02:58]} 24. Rf3 {[%emt 0:00:06]} Kg7 {[%emt 0:02:
48]} 25. Rdf1 {[%emt 0:00:05]} Re7 {[%emt 0:06:06]} 26. Bd3 {[%emt 0:00:38]}
Rhe8 {[%emt 0:18:14]} 27. Qc2 {[%emt 0:02:33]} Rb8 {[%emt 0:09:15]} 28. h4 {
[%emt 0:09:12]} Qd8 {[%emt 0:02:22]} 29. Bd2 {[%emt 0:06:21]} Qe8 {[%emt 0:02:
58]} 30. Bc3 {[%emt 0:00:33]} Kg8 {[%emt 0:01:07]} 31. Ka2 {[%emt 0:07:14]}
Bxc3 {[%emt 0:01:39]} 32. Qxc3 {[%emt 0:00:39]} Ne5 {[%emt 0:00:55]} 33. Rf6 {
[%emt 0:00:11]} Qd7 {[%emt 0:00:51]} 34. Re1 {[%emt 0:04:17]} Qc7 {[%emt 0:04:
58]} 35. Rxe5 {[%emt 0:05:42]} Rxe5 {[%emt 0:00:42]} 36. Bxg6 {[%emt 0:00:03]}
fxg6 {[%emt 0:01:58]} 37. Rxg6+ {[%emt 0:00:01]} Kf7 {[%emt 0:03:49]} 38. Rf6+
{[%emt 0:00:13]} Kg8 {[%emt 0:09:04]} 39. Rg6+ {[%emt 0:00:04]} Kf7 {[%emt 0:
00:47]} 40. Rh6 {[%emt 0:04:10]} Rg8 {[%emt 0:03:15]} 41. Rh7+ {[%emt 0:08:13]}
Rg7 {[%emt 0:00:16]} 42. Rh8 {[%emt 0:00:04]} Rf5 {[%emt 0:29:20]} 43. Qd3 {
[%emt 0:05:21]} Qd7 {[%emt 0:00:04]} 44. Qe2 {[%emt 0:00:06]} a4 {[%emt 0:00:
52]} 45. Qxh5+ {[%emt 0:22:56]} Ke7 {[%emt 0:00:04]} 46. Qh6 {[%emt 0:01:24]}
axb3+ {[%emt 0:01:19]} 47. Kxb3 {[%emt 0:01:34]} Rgf7 {[%emt 0:12:42]} 48. g6 {
[%emt 0:00:11]} b5 {[%emt 0:10:59]} 49. gxf7 {[%emt 0:01:25]} bxc4+ {[%emt 0:
00:02]} 50. Kc3 {[%emt 0:00:11]} Rf3+ {[%emt 0:00:02]} 51. Kd2 {[%emt 0:00:09]}
Rf2+ {[%emt 0:01:15]} 52. Ke1 {[%emt 0:00:07]} Rf1+ {[%emt 0:00:22]} 53. Kxf1 {
[%emt 0:00:15]} Qf5+ {[%emt 0:00:58]} 54. Kg1 {[%emt 0:00:48]} Qg4+ {[%emt 0:
00:30]} 55. Kf2 {[%emt 0:00:46]} Qf5+ {[%emt 0:00:03]} 56. Kg3 {[%emt 0:00:28]}
Qd3+ {[%emt 0:00:01]} 57. Kg4 {[%emt 0:00:14]} Qd1+ {[%emt 0:01:14]} 58. Kg5 {
[%emt 0:00:42]} Qxd5+ {[%emt 0:00:14]} 59. Kf4 {[%emt 0:00:36]} Qd2+ {[%emt 0:
00:26]} 60. Kf3 {[%emt 0:00:14]} Qd1+ {[%emt 0:00:11]} 61. Kf2 {[%emt 0:23:00]}
Qc2+ {[%emt 0:15:39]} 62. Kg3 {[%emt 0:00:10]} Qd3+ {[%emt 0:00:14]} 63. Kg4 {
[%emt 0:00:05]} Qd1+ {[%emt 0:01:25]} 1/2-1/2

[Event "FIDE Chesscom Grand Swiss 2021"]
[Site "Riga"]
[Date "2021.11.07"]
[Round "11.23"]
[White "Henriquez Villagra, Cristobal"]
[Black "Navara, David"]
[Result "1/2-1/2"]
[WhiteElo "2608"]
[BlackElo "2691"]
[Annotator "TA"]
[PlyCount "92"]
[EventDate "2021.10.27"]
[EventType "swiss"]
[EventCountry "LAT"]
[Tiebreak "Cut1 Buchholz+Sonneborn-Berger (Swiss)"]
[SourceTitle "playchess.com"]
[Source "ChessBase"]
[SourceQuality "1"]

{[%evp 9,92,28,36,10,15,14,9,16,17,17,20,0,30,30,27,31,20,21,63,0,0,0,0,0,0,0,
0,0,4,0,0,0,0,0,10,8,10,7,14,18,8,12,39,12,27,36,29,33,43,39,46,45,47,29,38,17,
30,21,21,24,37,0,0,0,0,0,0,0,0,0,0,0,0,0,0,0,0,0,0,0,0,0,0,0,0]} 1. d4 Nf6 2.
Bg5 d5 3. Nd2 c5 4. dxc5 Na6 5. e4 Nxc5 6. e5 {[#] D00: 1 d4 d5: Unusual lines.
} Nfe4 $146 ({Predecessor:} 6... Nfd7 7. Ngf3 Qc7 8. Bf4 b6 9. c4 Bb7 10. b4
Ne6 11. Bg3 g6 12. Rc1 d4 {1-0 (38) Stefanova,A (2535)-Stiri,A (2163) Rethymno
2009}) 7. Nxe4 Nxe4 8. Be3 {Hoping for f3.} e6 $1 9. Nf3 Bd7 10. Bd3 Qa5+ 11.
c3 Bb5 12. O-O Bxd3 13. Qxd3 Be7 14. Rfd1 (14. c4 $14) 14... Rc8 $11 15. a4 a6
16. Bd4 O-O 17. Qe3 {[#] aiming for Bb6.} Qc7 18. a5 Qc4 19. Nd2 Nxd2 20. Rxd2
Bc5 21. Bxc5 Qxc5 22. Rd4 b6 23. axb6 Qxb6 24. Rb4 Qxe3 25. fxe3 {[%mdl 4096]
Endgame KRR-KRR} Rc6 26. Kf2 f6 27. exf6 e5 28. f7+ Kxf7 29. Ke2 Ke6 30. Ra5
Rf7 31. h3 e4 32. Rb8 Rd7 33. Ra1 Rdd6 34. Ra8 Ke5 35. Rf1 Rf6 {The position
is equal.} 36. Re8+ (36. Rd1 {is interesting.} h5 37. Ra7 Rg6 38. Kf2 Rb6 39.
b4) 36... Rce6 37. Rxf6 gxf6 {KR-KR} 38. Rc8 f5 39. Rc5 Rb6 40. b4 Rb5 41. Rxb5
axb5 {KP-KP} 42. g3 Kf6 43. Kf2 Kg5 44. Kf1 h6 45. Kf2 h5 46. h4+ Kf6 {
Weighted Error Value: White=0.06/Black=0.03} 1/2-1/2

[Event "FIDE Chesscom Grand Swiss 2021"]
[Site "Riga"]
[Date "2021.11.07"]
[Round "11.24"]
[White "Brkic, Ante"]
[Black "Svidler, Peter"]
[Result "1/2-1/2"]
[WhiteElo "2621"]
[BlackElo "2694"]
[Annotator "TA"]
[PlyCount "80"]
[EventDate "2021.10.27"]
[EventType "swiss"]
[EventCountry "LAT"]
[Tiebreak "Cut1 Buchholz+Sonneborn-Berger (Swiss)"]
[SourceTitle "playchess.com"]
[Source "ChessBase"]
[SourceQuality "1"]

{[%evp 14,80,11,17,37,35,33,0,0,6,24,0,61,65,64,61,44,40,29,14,33,41,244,73,
106,65,61,52,59,49,61,51,59,59,58,20,38,10,19,10,16,12,19,21,22,19,19,18,23,0,
0,0,0,0,0,0,0,-8,-8,-8,-8,-8,-8,-8,-8,-8,-8,-8,-8]} 1. e4 c5 2. Nf3 d6 3. d4
cxd4 4. Nxd4 Nf6 5. Nc3 a6 6. Bg5 Nbd7 7. Bc4 h6 8. Bh4 Qb6 {B94: Sicilian
Najdorf: 6 Bg5 Nbd7.} 9. Bb3 e6 10. f4 Be7 {[#]} 11. f5 $146 ({Predecessor:} 
11. Bf2 Nc5 12. Qe2 Qc7 13. e5 dxe5 14. fxe5 Nfd7 15. Bg3 O-O 16. O-O-O b5 17.
Kb1 Qb7 18. Qh5 Nb6 19. Bf4 {1/2-1/2 (19) Shomoev,A (2556)-Iskusnyh,S (2482)
Russia 2007}) 11... Nc5 12. Qf3 Ncxe4 13. Nxe4 $14 Qxd4 {[%mdl 64] Double
Attack} 14. Bxf6 Bxf6 15. Rd1 Qe5 16. O-O {Hoping for fxe6.} O-O 17. Nxf6+ (17.
Rxd6 Be7 $17) 17... gxf6 $2 {[#]} ({Black should play} 17... Qxf6 $14 18. fxe6
(18. Rxd6 Qe5 $11) 18... Qxf3 19. exf7+ (19. gxf3 Bxe6 20. Bxe6 fxe6 $11) 19...
Qxf7 $3 {[%mdl 512]} 20. Rxf7 Rxf7) 18. Rfe1 $2 (18. Rd3 $1 $18 Re8 19. Qh3)
18... Qc5+ 19. Kh1 Qxf5 20. Qxf5 ({But not} 20. Rxd6 Qxf3 21. gxf3 b5 $15)
20... exf5 21. Rxd6 Kg7 22. Re7 {[%mdl 1024] White has compensation.} f4 23.
Kg1 b5 24. Kf2 Bg4 25. Rd4 (25. h3 $5 {[%cal Rh3g4]} Bh5 26. Rd4 $14) 25...
Rad8 26. Rxf4 Rd2+ 27. Kg3 Bh5 28. Rf2 Rfd8 29. Rxd2 Rxd2 $11 {[%mdl 4096]
Endgame KRB-KRB} 30. Ra7 Bg6 31. Rxa6 Be4 {The position is equal.} 32. Rb6
Rxg2+ 33. Kf4 $1 {[%cal Rf4e4]} f5 34. Rxb5 Rxh2 35. a4 h5 36. Bd5 Bxd5 37.
Rxd5 Rxc2 38. Rxf5 Rxb2 39. Rxh5 Rb4+ 40. Kf3 Rxa4 {Weighted Error Value:
White=0.16/Black=0.18} 1/2-1/2

[Event "FIDE Chesscom Grand Swiss 2021"]
[Site "Riga"]
[Date "2021.11.07"]
[Round "11.25"]
[White "Wojtaszek, Radoslaw"]
[Black "Erigaisi Arjun"]
[Result "1/2-1/2"]
[WhiteElo "2691"]
[BlackElo "2634"]
[Annotator "TA"]
[PlyCount "67"]
[EventDate "2021.10.27"]
[EventType "swiss"]
[EventCountry "LAT"]
[Tiebreak "Cut1 Buchholz+Sonneborn-Berger (Swiss)"]
[SourceTitle "playchess.com"]
[Source "ChessBase"]
[SourceQuality "1"]

{[%evp 12,67,33,25,31,10,37,17,21,16,20,12,14,11,7,13,16,14,33,23,25,26,25,-23,
-22,-19,29,7,52,50,45,50,74,68,68,67,83,82,70,70,70,70,70,70,70,70,72,72,74,67,
56,56,56,56,56,56,56,0]} 1. d4 d5 2. c4 c6 3. Nf3 Nf6 4. e3 Bf5 5. Nc3 e6 6.
Nh4 Be4 7. f3 Bg6 {D12: Slav Defence: 3 Nf3 Nf6 4 e3 Bf5.} 8. Bd2 Be7 9. Nxg6
hxg6 {The position is equal.} 10. Qb3 Qc7 11. cxd5 cxd5 12. O-O-O Nc6 {[%cal
Bb8c6,Bc6a5,Ba5c4][%mdl 32]} 13. Kb1 a6 14. Rc1 O-O 15. g4 Na5 16. Qd1 {
[#] Black must now prevent Nxd5!} Nc4 17. g5 Nh5 18. Bxc4 Qxc4 19. f4 Rac8 20.
Rg1 {[#]} Bb4 $146 ({Predecessor:} 20... Rc6 21. Qe2 f6 22. gxf6 Nxf6 23. Qxc4
Rxc4 24. Rxg6 Kf7 25. Rcg1 Rg8 26. Be1 Bf8 {1/2-1/2 (65) Velten,P (2507)
-Vazquez Igarza,R (2548) Brixen Bressanone 2019}) 21. Be1 Bxc3 22. Rxc3 Qb5 23.
Qd3 Qxd3+ 24. Rxd3 f6 25. Bb4 Rf7 26. h4 b6 27. Rc3 Rxc3 28. Bxc3 $14 {[%mdl
4096] Endgame KRB-KRN} Rc7 29. Kc2 Kf7 30. Kd3 Rc4 {White is slightly better.}
31. a3 Rc6 32. Ke2 Rc4 33. Kf3 Ke7 34. Ke2 {Weighted Error Value: White=0.05/
Black=0.07} ({White should play} 34. Rc1 $14) 1/2-1/2